000 00248nam a2200097Ia 4500
005 20251222114351.0
008 251222s1900||||xx |||||||||||||| ||spa||
082 _aDVD0070/J66/2011/Ej.2
245 0 _aEncontrarĂ¡s dragones:There be Dragons
942 _cDVD
999 _c1259
_d1259